000 00649nam a2200217Ia 4500
005 20241129111316.0
008 241129s9999||||xx |||||||||||||| ||und||
020 _a978-93-91952-89-1
037 _aTB
040 _aCRL
_beng
_cCRL
041 _aeng
_2eng
084 _aV29W R4
_qCRL
100 _aShangpliang Rusievan Ed.
_9724042
245 0 _aHistory of northeast India: new research and perspectives
_cShangpliang Rusievan Ed.
260 _aNew Delhi, India
_bPathak Publishers and Distributors
_c2024
300 _axxiv,340p.
365 _aINR
_b1750
650 _a History
942 _cTB
_hV29W R4
999 _c1229860
_d1229860